000 00531nam a22001817a 4500
005 20240130095406.0
008 240130b |||||||| |||| 00| 0 eng d
020 _a9781485133179
041 _aEnglish
082 _a344.1 GRO
100 _aGrogan, J
_lEnglish
245 _aCollective Labour Law /
_cJ Gorgan
250 _aThird Edition
260 _aCape Town :
_bJuta and Company Ltd,
_c2019
300 _bxv, 487 pages ;
_c25 cm.
650 _aLegal practice
_bLaw
942 _cBK
_6ALISON_BN_VRIES
999 _c1295
_d1295